zpět

Detail výsledku týmu

Hasičárna Novesta, Zlín

Datum a čas kvízu

25.5 Celkem bodů Celkový počet nahraných bodů na tomto kvízu bez doplňovacích otázek.
16. Pořadí na kvízu Konečné umístění týmu na tomto kvízu.

Zaznamenané odpovědi

# Otázka Odpověď Body Výsledky
1. Jak se jmenuje první kompletně... Olbrachtova 0
2. Jak byl pojmenován hurikán, kt... Melissa 1
3. Minulý čtvrtek byl uveden do k... Nepela 1
4. Známý dánský pivovar představi... Carlsberg 0
5. Britský svaz vodního slalomu u... C 0
6. Ačkoliv je čas večeře, věnujem... fazole; rajčata 0.5
7. Od slané ke sladké snídani. V... javorový sirup 1
8. „Snídaně v trávě“ není název: D 0
9. V Krkonoších, v místě zvaném K... Mumlava 0
10. Mnozí z nás si snídani bez káv... cascara 1